[Event "Tambov Korensky Memorial 29th"]
[Site "Tambov"]
[Date "2020.09.06"]
[Round "9"]
[White "Zakharov, Timofey V"]
[Black "Lomakina, Galja"]
[Result "1-0"]
[WhiteElo "1675"]
[BlackElo "1994"]
[PlyCount "107"]
[EventDate "2020.08.29"]
[EventType "swiss"]
[EventRounds "9"]
[EventCountry "RUS"]
[SourceTitle "EXT 2021"]
[Source "ChessBase"]
[SourceDate "2020.10.23"]
[SourceVersion "1"]
[SourceVersionDate "2020.10.23"]
[SourceQuality "1"]

1. e4 g6 2. d4 Bg7 3. f4 a6 4. Nf3 b5 5. a3 Bb7 6. Nc3 d6 7. Be3 Nf6 8. Bd3 Nbd7 9. h3 c5 10. e5 Nd5 11. Nxd5 Bxd5 12. dxc5 dxe5 13. Bxb5 Bxf3 14. Bxd7+ Qxd7 15. Qxf3 0-0 16. fxe5 Bxe5 17. Bh6 Bxb2 18. Bxf8 Qe6+ 19. Qe2 Bc3+ 20. Kf1 Qf6+ 21. Qf3 Bxa1 22. Bxe7 Qxe7 23. Qxa8+ Kg7 24. Qxa6 Bc3 25. Qe2 Qxc5 26. g4 Qxa3 27. Kg2 Qb2 28. Rf1 Bd4 29. Kh1 Be5 30. Qc4 Qb7+ 31. Kg1 Qa7+ 32. Kg2 Qb7+ 33. Rf3 f6 34. Kf2 Qa7+ 35. Ke2 Qb7 36. h4 Qe7 37. Qe4 Qa7 38. Rd3 Qa6 39. Qd5 Bf4 40. g5 fxg5 41. hxg5 Bc1 42. Kd1 Ba3 43. Qe5+ Kg8 44. Rd8+ Bf8 45. Qd5+ Kg7 46. Qd7+ Kg8 47. Qd5+ Kg7 48. Rd7+ Kh8 49. Qe5+ Kg8 50. Qf6 Qxf6 51. gxf6 h5 52. Ke2 Bh6 53. c4 Kf8 54. c5 1-0

[Event "Tambov Korensky Memorial 29th"]
[Site "Tambov"]
[Date "2020.09.05"]
[Round "8"]
[White "Gorelov, Viktor N"]
[Black "Lomakina, Galja"]
[Result "0-1"]
[WhiteElo "1784"]
[BlackElo "1994"]
[PlyCount "104"]
[EventDate "2020.08.29"]
[EventType "swiss"]
[EventRounds "9"]
[EventCountry "RUS"]
[SourceTitle "EXT 2021"]
[Source "ChessBase"]
[SourceDate "2020.10.23"]
[SourceVersion "1"]
[SourceVersionDate "2020.10.23"]
[SourceQuality "1"]

1. d4 c6 2. e4 Qa5+ 3. Nd2 d6 4. f4 g5 5. c3 gxf4 6. Nb3 Qg5 7. Nf3 Qg6 8. Qd3 Bh6 9. Bd2 a5 10. 0-0-0 a4 11. Na1 Nf6 12. Re1 Ng4 13. Qe2 Ne3 14. Bxe3 fxe3 15. e5 Qe4 16. Nc2 Bf5 17. exd6 e6 18. g3 Qxc2+ 19. Qxc2 e2+ 20. Qd2 Bxd2+ 21. Kxd2 exf1Q 22. Rhxf1 Nd7 23. c4 0-0 24. Kc3 c5 25. g4 Bg6 26. h4 h6 27. h5 Bh7 28. g5 hxg5 29. Nxg5 cxd4+ 30. Kxd4 Ra5 31. Rg1 Kh8 32. b4 axb3 33. axb3 Bf5 34. Rg3 b6 35. b4 e5+ 36. Ke3 Ra3+ 37. Kf2 Rxg3 38. Kxg3 Rg8 39. Kh4 f6 40. Nf7+ Kh7 41. h6 Rg4+ 42. Kh5 Rg2 43. Kh4 Rg4+ 44. Kh5 Rg3 45. Rh1 Bg6+ 46. Kh4 Rc3 47. Nd8 Rxc4+ 48. Kg3 Rxb4 49. Nc6 Rb3+ 50. Kf2 Be4 51. Rc1 Bxc6 52. Rxc6 Rd3 0-1

[Event "Tambov Korensky Memorial 29th"]
[Site "Tambov"]
[Date "2020.09.03"]
[Round "6"]
[White "Lomakina, Galja"]
[Black "Popov, Tikhon1111"]
[Result "1-0"]
[WhiteElo "1994"]
[BlackElo "1771"]
[PlyCount "101"]
[EventDate "2020.08.29"]
[EventType "swiss"]
[EventRounds "9"]
[EventCountry "RUS"]
[SourceTitle "EXT 2021"]
[Source "ChessBase"]
[SourceDate "2020.10.23"]
[SourceVersion "1"]
[SourceVersionDate "2020.10.23"]
[SourceQuality "1"]

1. b3 e5 2. Bb2 Nc6 3. e3 d5 4. Bb5 Bd6 5. Nf3 f6 6. d4 e4 7. Nfd2 a6 8. Bxc6+ bxc6 9. c4 Be6 10. Nc3 f5 11. g3 Nf6 12. c5 Be7 13. Ne2 g5 14. h4 Ng4 15. hxg5 Bxg5 16. Nf4 Bxf4 17. gxf4 h5 18. Qe2 Qe7 19. Bc3 Bc8 20. Ba5 h4 21. Rh3 Qg7 22. 0-0-0 Be6 23. Rdh1 Kd7 24. Nb1 Qe7 25. Na3 Rab8 26. Nc2 Qd8 27. Ne1 Qe7 28. Ng2 Qf6 29. Nxh4 Rh6 30. f3 exf3 31. Nxf3 Rbh8 32. Rxh6 Rxh6 33. Rxh6 Qxh6 34. Ne5+ Nxe5 35. dxe5 Qh1+ 36. Kb2 Qe4 37. Qxa6 Qxe3 38. Qa7 Qd4+ 39. Ka3 Ke8 40. Bxc7 Kf7 41. Bd6+ Kg6 42. Qe7 Qxf4 43. Qxe6+ Kh5 44. Qf7+ Kg4 45. Qg7+ Kf3 46. e6 Qc1+ 47. Kb4 d4 48. Qxd4 Qg5 49. e7 Qg8 50. Qf4+ Ke2 51. Qe5+ 1-0

[Event "Tambov Korensky Memorial 29th"]
[Site "Tambov"]
[Date "2020.09.02"]
[Round "5"]
[White "Geranichev, Mikhail"]
[Black "Lomakina, Galja"]
[Result "1-0"]
[WhiteElo "1994"]
[BlackElo "1994"]
[PlyCount "79"]
[EventDate "2020.08.29"]
[EventType "swiss"]
[EventRounds "9"]
[EventCountry "RUS"]
[SourceTitle "EXT 2021"]
[Source "ChessBase"]
[SourceDate "2020.10.23"]
[SourceVersion "1"]
[SourceVersionDate "2020.10.23"]
[SourceQuality "1"]

1. g3 d6 2. Bg2 Nf6 3. d3 g6 4. Nf3 Bg7 5. 0-0 0-0 6. e4 c5 7. Nbd2 Nc6 8. a3 Rb8 9. Rb1 b5 10. b4 cxb4 11. axb4 Nd7 12. Bb2 e5 13. Ba1 Nb6 14. Re1 a6 15. Nf1 Be6 16. Ne3 Ba2 17. Rb2 Be6 18. c3 d5 19. exd5 Nxd5 20. Rd2 Nb6 21. h4 h6 22. h5 g5 23. Nxg5 Qxg5 24. Bxc6 f5 25. Nf1 Nd5 26. c4 bxc4 27. Bxe5 Bf7 28. dxc4 Nxb4 29. Bf4 Qxh5 30. Bf3 Qh3 31. Bxb8 Rxb8 32. Rd8+ Rxd8 33. Qxd8+ Bf8 34. c5 Nc2 35. Rc1 Nb4 36. c6 f4 37. c7 Be6 38. c8Q Bxc8 39. Rxc8 Qf5 40. Bg4 1-0

[Event "Tambov Korensky Memorial 29th"]
[Site "Tambov"]
[Date "2020.09.01"]
[Round "4"]
[White "Lomakina, Galja"]
[Black "Pishchalnikov, Roman A"]
[Result "1-0"]
[WhiteElo "1994"]
[BlackElo "1833"]
[PlyCount "49"]
[EventDate "2020.08.29"]
[EventType "swiss"]
[EventRounds "9"]
[EventCountry "RUS"]
[SourceTitle "EXT 2021"]
[Source "ChessBase"]
[SourceDate "2020.10.23"]
[SourceVersion "1"]
[SourceVersionDate "2020.10.23"]
[SourceQuality "1"]

1. b3 e5 2. Bb2 Nc6 3. e3 d5 4. Bb5 Bd6 5. f4 Bd7 6. Bxc6 Bxc6 7. fxe5 d4 8. Nf3 Bxf3 9. Qxf3 Bxe5 10. exd4 Bf6 11. Qxb7 Ne7 12. Qe4 0-0 13. 0-0 Re8 14. Na3 c5 15. Rae1 Ng6 16. Qxe8+ Qxe8 17. Rxe8+ Rxe8 18. Rxf6 gxf6 19. dxc5 Nf4 20. Nc4 Nd5 21. a3 Kf8 22. Kf2 Re4 23. g3 h5 24. Nd6 Re6 25. c4 1-0

[Event "Tambov Korensky Memorial 29th"]
[Site "Tambov"]
[Date "2020.08.30"]
[Round "2"]
[White "Lomakina, Galja"]
[Black "Lopukhin, Anatoly Viktorovich"]
[Result "0-1"]
[WhiteElo "1994"]
[BlackElo "2230"]
[PlyCount "60"]
[EventDate "2020.08.29"]
[EventType "swiss"]
[EventRounds "9"]
[EventCountry "RUS"]
[SourceTitle "EXT 2021"]
[Source "ChessBase"]
[SourceDate "2020.10.23"]
[SourceVersion "1"]
[SourceVersionDate "2020.10.23"]
[SourceQuality "1"]

1. b3 e5 2. Bb2 d6 3. e3 g6 4. Nf3 Bg7 5. c4 c5 6. d3 Nc6 7. Be2 Nge7 8. 0-0 0-0 9. Nc3 d5 10. cxd5 Nxd5 11. Ne4 b6 12. Rc1 f5 13. Nc3 Nxc3 14. Bxc3 Be6 15. Qc2 Qe7 16. Qb2 Bd5 17. a3 a5 18. Nd2 Nd4 19. exd4 exd4 20. Bxa5 Qxe2 21. Bxb6 Qxd3 22. Rxc5 Bf7 23. a4 Rfe8 24. Qc2 Qxc2 25. Rxc2 Re2 26. Rb1 Bh6 27. Rbc1 Bxd2 28. Rc8+ Re8 29. Rxa8 Rxa8 30. Rd1 Bc3 0-1

[Event "Tambov Pavlyutin Memorial 9th"]
[Site "Tambov"]
[Date "2019.06.29"]
[Round "7"]
[White "Gorshechnikov, Andrey V"]
[Black "Lomakina, Galja"]
[Result "0-1"]
[WhiteElo "1889"]
[BlackElo "2042"]
[PlyCount "66"]
[EventDate "2019.06.26"]
[EventType "tourn"]
[EventRounds "9"]
[EventCountry "RUS"]
[SourceTitle "EXT 2020"]
[Source "ChessBase"]
[SourceDate "2019.10.17"]
[SourceVersion "1"]
[SourceVersionDate "2019.10.17"]
[SourceQuality "1"]

1. e4 g6 2. Nf3 Bg7 3. d4 d6 4. c4 Nf6 5. Nc3 0-0 6. h3 c6 7. Be3 a6 8. Be2 b5 9. a3 Nbd7 10. 0-0 Rb8 11. b4 bxc4 12. Bxc4 a5 13. Rb1 axb4 14. axb4 Nxe4 15. Nxe4 d5 16. Bd3 dxe4 17. Bxe4 Ba6 18. Re1 Bb5 19. Bf4 Rb6 20. Qd2 Nf6 21. Bc2 Nd5 22. Be5 e6 23. Ra1 Qe7 24. Reb1 f6 25. Bg3 Rd8 26. Rb2 Bf8 27. Rab1 Ra8 28. Qe1 Bh6 29. h4 Rba6 30. h5 g5 31. Nd2 Nc3 32. Bb3 Ne2+ 33. Kh2 Qe8 0-1

[Event "Tambov Pavlyutin Memorial 9th"]
[Site "Tambov"]
[Date "2019.06.26"]
[Round "2"]
[White "Lomakina, Galja"]
[Black "Suvorov, Alexander"]
[Result "1/2-1/2"]
[WhiteElo "2042"]
[BlackElo "1856"]
[PlyCount "176"]
[EventDate "2019.06.26"]
[EventType "tourn"]
[EventRounds "9"]
[EventCountry "RUS"]
[SourceTitle "EXT 2020"]
[Source "ChessBase"]
[SourceDate "2019.10.17"]
[SourceVersion "1"]
[SourceVersionDate "2019.10.17"]
[SourceQuality "1"]

1. d4 d5 2. Bf4 e6 3. e3 c5 4. c3 Nc6 5. Nf3 Nf6 6. Nbd2 Bd6 7. Bg3 cxd4 8. exd4 0-0 9. Bd3 Re8 10. Ne5 Qc7 11. f4 Ne7 12. Qe2 Ng6 13. h4 Nf8 14. h5 N6d7 15. Qg4 f5 16. Qe2 Nf6 17. h6 g6 18. Bh4 Bxe5 19. fxe5 Ng4 20. Bg5 Nd7 21. Nf3 Nf8 22. Qc2 Bd7 23. a4 Rac8 24. 0-0 a6 25. a5 Ra8 26. Qe2 Bc6 27. Nh4 Qd7 28. Rf4 Bb5 29. Bxb5 Qxb5 30. Qxb5 axb5 31. Rff1 Ra6 32. b4 Nd7 33. Nf3 Rea8 34. Nd2 Rc8 35. Rfc1 Rac6 36. Nb1 Nb8 37. Bd2 Na6 38. Na3 Nc7 39. Nc2 Kf7 40. Ne1 Na6 41. Nd3 Rg8 42. Bg5 Rgc8 43. Nc5 R6c7 44. Rf1 Rd8 45. Bd2 Re8 46. Nd3 Nb8 47. Ne1 Ke7 48. Nc2 Kd7 49. Rf3 Kc6 50. Rh3 Rf7 51. Ne1 Rd7 52. Nf3 Na6 53. Bg5 Rf7 54. Re1 Nc7 55. Rh4 Rg8 56. Bf6 Nxf6 57. Ng5 Rff8 58. exf6 Rxf6 59. Nxh7 Rf7 60. Ng5 Re7 61. h7 Rh8 62. Rh6 Rg7 63. Kf2 Kd7 64. Reh1 Ke7 65. Nf3 Ne8 66. Ne5 Kf6 67. Ke3 Nd6 68. Ra1 Rhxh7 69. Rah1 Rxh6 70. Rxh6 Kg5 71. Rh8 Rc7 72. Rg8 Nc4+ 73. Nxc4 Rxc4 74. Kd3 Rc7 75. Rd8 Kf6 76. Rd6 g5 77. Rb6 f4 78. Rxb5 g4 79. Rc5 Rg7 80. Ke2 Kf5 81. b5 Ke4 82. b6 f3+ 83. gxf3+ gxf3+ 84. Kf1 Ke3 85. Rc7 Rg6 86. Rf7 Rh6 87. Kg1 Rg6+ 88. Kf1 Rh6 1/2-1/2

[Event "Tambov Pavlyutin Memorial 9th"]
[Site "Tambov"]
[Date "2019.06.26"]
[Round "1"]
[White "Uryupin, Igor Nikolaevich"]
[Black "Lomakina, Galja"]
[Result "1-0"]
[WhiteElo "2133"]
[BlackElo "2042"]
[PlyCount "79"]
[EventDate "2019.06.26"]
[EventType "tourn"]
[EventRounds "9"]
[EventCountry "RUS"]
[SourceTitle "EXT 2020"]
[Source "ChessBase"]
[SourceDate "2019.10.17"]
[SourceVersion "1"]
[SourceVersionDate "2019.10.17"]
[SourceQuality "1"]

1. c4 g6 2. g3 Bg7 3. Bg2 Nf6 4. Nc3 0-0 5. e4 d6 6. Nge2 e5 7. 0-0 Nc6 8. d3 Be6 9. h3 Qd7 10. Kh2 Ne7 11. b3 c6 12. d4 Qc7 13. Be3 Rad8 14. Qc1 Bc8 15. Qa3 exd4 16. Bxd4 c5 17. Be3 a6 18. Rad1 b6 19. Rd2 Bb7 20. Rfd1 Rfe8 21. e5 Nf5 22. exf6 Bxg2 23. Kxg2 Bxf6 24. Nd5 Qb7 25. Kh2 Bg7 26. Bg5 Ra8 27. Qc1 Re6 28. g4 Nd4 29. Nxd4 cxd4 30. Rxd4 b5 31. R4d3 bxc4 32. bxc4 Re2 33. R1d2 Re6 34. Qd1 h6 35. Be3 Rae8 36. Qf3 Qc8 37. Rc2 Qd8 38. Kg2 Re4 39. Bxh6 Qc8 40. Bxg7 1-0

[Event "Tambov Korensky Memorial 27th"]
[Site "Tambov"]
[Date "2018.08.19"]
[Round "9"]
[White "Gagloev, Dmitry"]
[Black "Lomakina, Galja"]
[Result "1-0"]
[WhiteElo "2073"]
[BlackElo "2012"]
[PlyCount "81"]
[EventDate "2018.08.11"]
[EventType "swiss"]
[EventRounds "9"]
[EventCountry "RUS"]
[SourceTitle "CBM 186 Extra"]
[Source "ChessBase"]
[SourceDate "2018.08.24"]
[SourceVersion "1"]
[SourceVersionDate "2018.08.24"]
[SourceQuality "1"]

1. e4 c6 2. d4 d5 3. e5 c5 4. dxc5 Nc6 5. f4 e6 6. Be3 d4 7. Bf2 Bxc5 8. Nf3 Nge7 9. Nbd2 Nd5 10. g3 Qa5 11. a3 Ne3 12. Qb1 0-0 13. Bd3 Qd8 14. Ne4 Be7 15. Ke2 Ng4 16. Bg1 f5 17. Ned2 b6 18. h3 Nh6 19. Qa2 Kh8 20. Qc4 Qd7 21. Nxd4 Nxd4+ 22. Qxd4 Qc6 23. Rh2 Qe8 24. Nc4 Qh5+ 25. Kd2 g5 26. Qe3 gxf4 27. gxf4 Rg8 28. Nd6 Bd7 29. Bf2 Bh4 30. Be2 Bxf2 31. Qxf2 Qg6 32. Bf3 Qg7 33. Rg2 Qe7 34. Bxa8 Rxa8 35. Qf3 Rd8 36. Qh5 Bc6 37. Rf2 Nf7 38. Re1 Be4 39. Kc1 Nxd6 40. exd6 Rxd6 41. Rxe4 1-0

[Event "Tambov Korensky Memorial 27th"]
[Site "Tambov"]
[Date "2018.08.16"]
[Round "6"]
[White "Bakhteev, Bakhtiyar"]
[Black "Lomakina, Galja"]
[Result "0-1"]
[WhiteElo "1880"]
[BlackElo "2012"]
[PlyCount "88"]
[EventDate "2018.08.11"]
[EventType "swiss"]
[EventRounds "9"]
[EventCountry "RUS"]
[SourceTitle "CBM 186 Extra"]
[Source "ChessBase"]
[SourceDate "2018.08.24"]
[SourceVersion "1"]
[SourceVersionDate "2018.08.24"]
[SourceQuality "1"]

1. e4 d6 2. d4 Nf6 3. Nc3 e5 4. dxe5 dxe5 5. Qxd8+ Kxd8 6. Nf3 Bd6 7. h3 h6 8. Be3 Be6 9. 0-0-0 Nbd7 10. Bd3 a6 11. g4 b5 12. g5 Ne8 13. Rdg1 h5 14. g6 f6 15. Nh4 c6 16. Kb1 Kc7 17. Ne2 c5 18. Ng3 c4 19. Be2 c3 20. bxc3 Nb6 21. Nxh5 Na4 22. Bd2 Bc5 23. Rg2 Rd8 24. Be1 Bc4 25. Bf3 Nd6 26. Nf5 Nxe4 27. Nhxg7 Ng5 28. Bg4 Bd5 29. Rgg1 Bxh1 30. Rxh1 Ba3 31. f4 exf4 32. Nd4 Rd6 33. Ngf5 Rb6 34. g7 Rg8 35. h4 Ne4 36. Bf3 b4 37. c4 Nec3+ 38. Bxc3 bxc3+ 39. Nb3 Nc5 40. Bd5 Re8 41. g8Q Rxg8 42. Bxg8 Ne4 43. h5 Nd2+ 44. Ka1 Bb2# 0-1

[Event "Tambov Korensky Memorial 27th"]
[Site "Tambov"]
[Date "2018.08.15"]
[Round "5"]
[White "Suvorov, Alexander"]
[Black "Lomakina, Galja"]
[Result "0-1"]
[WhiteElo "1877"]
[BlackElo "2012"]
[PlyCount "102"]
[EventDate "2018.08.11"]
[EventType "swiss"]
[EventRounds "9"]
[EventCountry "RUS"]
[SourceTitle "CBM 186 Extra"]
[Source "ChessBase"]
[SourceDate "2018.08.24"]
[SourceVersion "1"]
[SourceVersionDate "2018.08.24"]
[SourceQuality "1"]

1. e4 g6 2. Bc4 Bg7 3. Ne2 c6 4. Nbc3 b5 5. Bb3 d6 6. 0-0 Nf6 7. d3 0-0 8. Ng3 a6 9. f4 Nbd7 10. a3 Bb7 11. h4 e6 12. h5 Nxh5 13. Nxh5 Bd4+ 14. Rf2 Qh4 15. Qf3 Qxf2+ 16. Qxf2 Bxf2+ 17. Kxf2 gxh5 18. Be3 Nf6 19. Bd4 Ng4+ 20. Kg3 c5 21. Bg1 Kg7 22. Rf1 Rg8 23. Kh4 Kf6 24. f5 Ke7 25. g3 Nf6 26. Be3 Rg4+ 27. Kh3 Rag8 28. Ne2 exf5 29. Rxf5 Bc8 30. Bf4 Bxf5 31. exf5 Nd7 32. Bd5 Ne5 33. Be4 f6 34. Bd5 Rd8 35. Be3 Nf7 36. Bf2 Ng5+ 37. Kh2 a5 38. Be1 a4 39. c3 Rb8 40. d4 Nf7 41. Bd2 h4 42. Kh3 Rbg8 43. gxh4 cxd4 44. cxd4 R4g7 45. Bb4 Rc8 46. Nc3 Nh6 47. Be6 Rxc3+ 48. bxc3 Rg1 49. c4 bxc4 50. Bxc4 Nxf5 51. Bd3 Rg3+ 0-1

[Event "Tambov Korensky Memorial 27th"]
[Site "Tambov"]
[Date "2018.08.14"]
[Round "4"]
[White "Lomakina, Galja"]
[Black "Shvadchenko, Grigory F"]
[Result "1-0"]
[WhiteElo "2012"]
[BlackElo "1954"]
[PlyCount "171"]
[EventDate "2018.08.11"]
[EventType "swiss"]
[EventRounds "9"]
[EventCountry "RUS"]
[SourceTitle "CBM 186 Extra"]
[Source "ChessBase"]
[SourceDate "2018.08.24"]
[SourceVersion "1"]
[SourceVersionDate "2018.08.24"]
[SourceQuality "1"]

1. Nf3 Nf6 2. g3 d5 3. Bg2 e6 4. 0-0 c5 5. d3 Be7 6. Nbd2 Nc6 7. e4 dxe4 8. dxe4 Qc7 9. Re1 e5 10. c3 Bg4 11. Qc2 0-0 12. a4 b6 13. Nc4 a6 14. Bg5 h6 15. Bxf6 Bxf6 16. Ne3 Bxf3 17. Bxf3 Ne7 18. Be2 Rfd8 19. Bc4 Bg5 20. Qb3 Nc8 21. Nd5 Qa7 22. h4 Be7 23. Re3 Kh8 24. Nxe7 Qxe7 25. Bxf7 Nd6 26. Bd5 Rab8 27. Qc2 Rf8 28. Qe2 a5 29. c4 Rf6 30. b3 Rbf8 31. Rf1 Ne8 32. Kg2 Rg6 33. Rf3 Rgf6 34. Rxf6 Rxf6 35. Qh5 Kh7 36. Rd1 g6 37. Qg4 Rd6 38. h5 Kg7 39. Rd3 Qd7 40. Qe2 g5 41. Qb2 Qe7 42. f4 Rd7 43. fxe5 Kh7 44. Rf3 Qg7 45. Qf2 Re7 46. Rf8 Qxe5 47. Rf7+ Kh8 48. Rxe7 Qxe7 49. Qf7 Qxf7 50. Bxf7 Nd6 51. Bg6 Nc8 52. e5 Kg7 53. Kf3 Ne7 54. Be4 Nc8 55. Bd5 Kf8 56. Ke4 Ne7 57. g4 Kg7 58. Bb7 Kf8 59. Bd5 Kg7 60. Be6 Kf8 61. Bf5 Kf7 62. Bd7 Kg7 63. Be8 Kf8 64. Bg6 Kg7 65. e6 Kf6 66. Bf7 Nc8 67. Kd5 Ke7 68. Kc6 Nd6 69. Kxb6 Ne4 70. Bg6 Nd2 71. Bc2 Kxe6 72. Kxc5 Nf3 73. Kb6 Nd4 74. Bd1 Kd7 75. Kxa5 Kc7 76. Ka6 Nc6 77. Kb5 Kd6 78. a5 Kc7 79. b4 Nd4+ 80. Kc5 Nc6 81. a6 Nb8 82. b5 Nd7+ 83. Kb4 Kb6 84. Be2 Nf6 85. c5+ Ka7 86. b6+ 1-0

[Event "Tambov Korensky Memorial 27th"]
[Site "Tambov"]
[Date "2018.08.13"]
[Round "3"]
[White "Lomakina, Galja"]
[Black "Marjukov, Aleksey"]
[Result "0-1"]
[WhiteElo "2012"]
[BlackElo "2023"]
[PlyCount "58"]
[EventDate "2018.08.11"]
[EventType "swiss"]
[EventRounds "9"]
[EventCountry "RUS"]
[SourceTitle "CBM 186 Extra"]
[Source "ChessBase"]
[SourceDate "2018.08.24"]
[SourceVersion "1"]
[SourceVersionDate "2018.08.24"]
[SourceQuality "1"]

1. d4 d5 2. Bf4 c5 3. e3 Nc6 4. c3 Nf6 5. Bd3 Bg4 6. Nf3 e6 7. Nbd2 cxd4 8. exd4 Bd6 9. Bxd6 Qxd6 10. 0-0 0-0 11. Re1 Rab8 12. a4 Rfe8 13. Bb5 Nd7 14. h3 Bh5 15. a5 f6 16. Qa4 a6 17. Bxc6 bxc6 18. b4 e5 19. g4 Bg6 20. Rad1 Nf8 21. dxe5 fxe5 22. Nc4 Qf6 23. Ncxe5 Be4 24. Qxc6 Re6 25. Qa4 Rbe8 26. Qb3 Ng6 27. Rxe4 dxe4 28. g5 Qf5 29. Nxg6 exf3 0-1

[Event "Tambov Korensky Memorial 27th"]
[Site "Tambov"]
[Date "2018.08.12"]
[Round "2"]
[White "Shcherbashin, Roman"]
[Black "Lomakina, Galja"]
[Result "1-0"]
[WhiteElo "1948"]
[BlackElo "2012"]
[PlyCount "117"]
[EventDate "2018.08.11"]
[EventType "swiss"]
[EventRounds "9"]
[EventCountry "RUS"]
[SourceTitle "CBM 186 Extra"]
[Source "ChessBase"]
[SourceDate "2018.08.24"]
[SourceVersion "1"]
[SourceVersionDate "2018.08.24"]
[SourceQuality "1"]

1. e4 c6 2. d4 d5 3. Nc3 h6 4. Nge2 e6 5. a3 Nf6 6. Ng3 Be7 7. Be3 b5 8. Be2 b4 9. axb4 Bxb4 10. e5 Nfd7 11. 0-0 c5 12. Nb5 cxd4 13. Bxd4 Nc6 14. c3 Be7 15. f4 a6 16. Nh5 g6 17. Nd6+ Bxd6 18. exd6 Nxd4 19. Qxd4 Qb6 20. Nf6+ Kd8 21. Qxb6+ Nxb6 22. Ra5 h5 23. Rfa1 Nd7 24. Nxd7 Kxd7 25. Bxa6 Kxd6 26. Kf2 Rb8 27. b4 Bxa6 28. Rxa6+ Ke7 29. Ke3 Rhc8 30. R1a3 Rc4 31. g3 Rbc8 32. Kd3 h4 33. b5 hxg3 34. hxg3 Rb8 35. Rb3 Rc5 36. Ra7+ Kf6 37. b6 Rc6 38. b7 Rc7 39. Rb4 Kf5 40. Kd4 f6 41. Rb6 Rc4+ 42. Kd3 Rc7 43. g4+ Kxg4 44. Rxe6 Kf5 45. Rb6 g5 46. fxg5 fxg5 47. Rb5 Rd7 48. Kd4 Kf4 49. Kc5 Ke4 50. Kc6 Rdd8 51. Kc7 g4 52. Ra4+ Kf3 53. Rd4 g3 54. Rdxd5 Rg8 55. Rf5+ Kg4 56. Rf1 g2 57. Rg1 Kh3 58. Rb2 Rbf8 59. b8Q 1-0

[Event "Tambov Pavlyutin Memorial 8th"]
[Site "Tambov"]
[Date "2018.05.27"]
[Round "9"]
[White "Lomakina, Galja"]
[Black "Ushakov, Aleksander"]
[Result "1/2-1/2"]
[WhiteElo "2032"]
[BlackElo "2093"]
[PlyCount "127"]
[EventDate "2018.05.23"]
[EventType "tourn"]
[EventRounds "9"]
[EventCountry "RUS"]
[SourceTitle "CBM 184 Extra"]
[Source "ChessBase"]
[SourceDate "2018.06.28"]
[SourceVersion "1"]
[SourceVersionDate "2018.06.28"]
[SourceQuality "1"]

1. d4 c5 2. e3 g6 3. b3 Bg7 4. Bb2 Nc6 5. Nf3 Nh6 6. Be2 Nf5 7. 0-0 0-0 8. Qd2 d5 9. Na3 cxd4 10. exd4 Bh6 11. Qd1 Nd6 12. c4 Be6 13. c5 Ne4 14. Nc2 Qa5 15. a3 Nc3 16. Qd3 Nxe2+ 17. Qxe2 Bg4 18. Rfd1 a6 19. h3 Bxf3 20. Qxf3 Rad8 21. Bc3 Qc7 22. Ne3 Qf4 23. Qe2 Qe4 24. Qd3 Bg7 25. b4 f5 26. f3 Qh4 27. a4 e5 28. dxe5 Nxe5 29. Bxe5 Bxe5 30. Rab1 Qf4 31. Nf1 Rfe8 32. g3 Qg5 33. Kf2 f4 34. g4 h5 35. Kg2 Rf8 36. h4 Qxh4 37. Qxg6+ Bg7 38. Qxh5 Qxh5 39. gxh5 Rf5 40. Nh2 Rxh5 41. Ng4 d4 42. Rbc1 d3 43. Rc4 Rf5 44. b5 axb5 45. axb5 Rdd5 46. c6 bxc6 47. bxc6 Rc5 48. Rxc5 Rxc5 49. Rxd3 Rxc6 50. Kh3 Bb2 51. Rb3 Bc1 52. Ne5 Rc7 53. Kg4 Be3 54. Kf5 Kg7 55. Rb2 Ra7 56. Rg2+ Kh7 57. Nc4 Ra6 58. Ke5 Ra4 59. Nd6 Ra6 60. Ne8 Kh6 61. Nf6 Ra5+ 62. Nd5 Rc5 63. Rg4 Ra5 64. Kd6 1/2-1/2

[Event "Tambov Pavlyutin Memorial 8th"]
[Site "Tambov"]
[Date "2018.05.25"]
[Round "5"]
[White "Lomakina, Galja"]
[Black "Uryupin, Igor Nikolaevich"]
[Result "1/2-1/2"]
[WhiteElo "2032"]
[BlackElo "2263"]
[PlyCount "64"]
[EventDate "2018.05.23"]
[EventType "tourn"]
[EventRounds "9"]
[EventCountry "RUS"]
[SourceTitle "CBM 184 Extra"]
[Source "ChessBase"]
[SourceDate "2018.06.28"]
[SourceVersion "1"]
[SourceVersionDate "2018.06.28"]
[SourceQuality "1"]

1. d4 Nf6 2. Bf4 d5 3. e3 e6 4. Nf3 Bd6 5. Bg3 0-0 6. Nbd2 c5 7. c3 b6 8. Bd3 Ba6 9. Bxa6 Nxa6 10. Qe2 Nb8 11. e4 dxe4 12. Nxe4 Nxe4 13. Qxe4 Na6 14. Bxd6 Qxd6 15. Ng5 f5 16. Qe2 Nc7 17. 0-0 cxd4 18. cxd4 h6 19. Nf3 Nd5 20. Rfe1 Rfe8 21. Rac1 Nf6 22. Qa6 Re7 23. Qc4 Nd5 24. Qc6 Rd8 25. Qa4 Nf4 26. Rc6 Qd7 27. Qc4 Qd5 28. Qxd5 Rxd5 29. Ne5 Kh7 30. g3 Nh3+ 31. Kg2 Ng5 32. h4 Nf7 1/2-1/2

[Event "Tambov Pavlyutin Memorial 8th"]
[Site "Tambov"]
[Date "2018.05.23"]
[Round "1"]
[White "Lomakina, Galja"]
[Black "Sychev, Vitaly"]
[Result "1-0"]
[WhiteElo "2032"]
[BlackElo "2002"]
[PlyCount "61"]
[EventDate "2018.05.23"]
[EventType "tourn"]
[EventRounds "9"]
[EventCountry "RUS"]
[SourceTitle "CBM 184 Extra"]
[Source "ChessBase"]
[SourceDate "2018.06.28"]
[SourceVersion "1"]
[SourceVersionDate "2018.06.28"]
[SourceQuality "1"]

1. d4 Nf6 2. Bf4 e6 3. e3 b6 4. Nf3 Bb7 5. Nbd2 d5 6. c3 Be7 7. a4 a6 8. h3 Nbd7 9. Bd3 Ne4 10. Qc2 f5 11. a5 c5 12. axb6 Qxb6 13. Bxe4 dxe4 14. Ne5 Nxe5 15. Bxe5 0-0 16. 0-0 cxd4 17. Bxd4 Qc7 18. Qb3 Bd5 19. c4 Rab8 20. Qa2 Bc6 21. Rfd1 Bb4 22. Nb1 Rbd8 23. Qb3 a5 24. Nc3 e5 25. Bb6 Rxd1+ 26. Rxd1 Qf7 27. Nd5 Bxd5 28. Rxd5 Qe6 29. c5 Kh8 30. Rd8 Rxd8 31. Qxe6 1-0

[Event "Tambov Region-ch"]
[Site "Tambov"]
[Date "2018.02.21"]
[Round "9"]
[White "Lomakina, Galja"]
[Black "Shcherbashin, Victor"]
[Result "0-1"]
[WhiteElo "2024"]
[BlackElo "2188"]
[PlyCount "122"]
[EventDate "2018.02.21"]
[EventType "swiss"]
[EventRounds "9"]
[EventCountry "RUS"]
[SourceTitle "CBM 183 Extra"]
[Source "ChessBase"]
[SourceDate "2018.04.19"]
[SourceVersion "1"]
[SourceVersionDate "2018.04.19"]
[SourceQuality "1"]

1. d4 d5 2. Bf4 Nf6 3. e3 c5 4. c3 Nc6 5. Nd2 Bf5 6. Qb3 Na5 7. Qa4+ Bd7 8. Qc2 cxd4 9. exd4 g6 10. Bd3 Bg7 11. Ngf3 0-0 12. 0-0 b5 13. Rae1 Rc8 14. Qb1 Nc4 15. Nb3 Nh5 16. Bg5 f6 17. Bh4 Nf4 18. Bc2 Bg4 19. Bg3 Nh3+ 20. Kh1 Bxf3 21. gxf3 Ng5 22. f4 Nf3 23. Re2 e5 24. dxe5 fxe5 25. fxe5 Ncxe5 26. Rd1 Qd7 27. Be4 Qh3 28. Bxd5+ Kh8 29. Nd4 Nxd4 30. cxd4 Ng4 31. Bg2 Qh5 32. h3 Nh6 33. Qe4 Nf5 34. Be5 Rfe8 35. Qg4 Qh6 36. Rde1 Bxe5 37. Rxe5 Red8 38. d5 Rc1 39. Qe2 Rxe1+ 40. Qxe1 Qf4 41. Re8+ Rxe8 42. Qxe8+ Kg7 43. Qe1 b4 44. Kg1 Qd4 45. Qe2 a5 46. b3 Qc3 47. Kh2 Qc7+ 48. Kg1 Qf4 49. Qa6 Qc1+ 50. Bf1 Qc5 51. Qb5 Qc7 52. Qc4 Qe7 53. Qe2 Qg5+ 54. Bg2 h5 55. Qe5+ Kh7 56. Qc7+ Kh6 57. Qxa5 Nh4 58. Kf1 Qxg2+ 59. Ke1 Qe4+ 60. Kd2 Nf3+ 61. Kd1 Qe1+ 0-1